<?xml version="1.0" encoding="UTF-8"?>
<record
    xmlns:xsi="http://www.w3.org/2001/XMLSchema-instance"
    xsi:schemaLocation="http://www.loc.gov/MARC21/slim http://www.loc.gov/standards/marcxml/schema/MARC21slim.xsd"
    xmlns="http://www.loc.gov/MARC21/slim">

  <leader>02576    a2200409   4500</leader>
  <controlfield tag="001">119260</controlfield>
  <datafield tag="020" ind1=" " ind2=" ">
    <subfield code="a">9781338299151</subfield>
  </datafield>
  <datafield tag="041" ind1=" " ind2=" ">
    <subfield code="a">eng</subfield>
  </datafield>
  <datafield tag="082" ind1=" " ind2=" ">
    <subfield code="a">[Fic]</subfield>
  </datafield>
  <datafield tag="100" ind1=" " ind2=" ">
    <subfield code="a">Rowling, J. K.</subfield>
  </datafield>
  <datafield tag="520" ind1=" " ind2=" ">
    <subfield code="a">Os dursleys eram t&#xE3;o malvados e horr&#xED;veis naquele ver&#xE3;o que tudo o que harry potter queria era voltar para a escola de magia e bruxaria de hogwarts. Mas enquanto arruma as malas, harry recebe um aviso de uma estranha e malvada criatura chamada dobby, que diz que se harry potter retornar a hogwarts, o desastre acontecer&#xE1;. E parece que sim. No segundo ano de harry em hogwarts, surgem novos tormentos e horrores, incluindo um novo professor escandalosamente ferido, gilderoy lockhart, um esp&#xED;rito chamado moaning myrtle que assombra o banheiro feminino e as aten&#xE7;&#xF5;es indesejadas da irm&#xE3; mais nova de rony weasley, ginny. Mas cada um deles parece um pequeno aborrecimento quando o verdadeiro problema come&#xE7;a, e algu&#xE9;m - ou algo - come&#xE7;a a transformar os estudantes de hogwarts em pedra. Poderia ser draco malfoy, um rival mais venenoso do que nunca? poderia ser possivelmente hagrid, cujo passado misterioso &#xE9; finalmente contado? ou poderia ser aquele que todos em hogwarts mais suspeitam. O pr&#xF3;prio harry potter. esta linda nova edi&#xE7;&#xE3;o em comemora&#xE7;&#xE3;o ao 20&#xBA; anivers&#xE1;rio da publica&#xE7;&#xE3;o de harry potter e a pedra filosofal apresenta uma capa rec&#xE9;m-desenhada ilustrada pelo medalhista de caldecott, brian selznick, bem como a amada decora&#xE7;&#xE3;o de interiores original de mary grandpr&#xE9;.</subfield>
  </datafield>
  <datafield tag="521" ind1=" " ind2=" ">
    <subfield code="a">Year 6</subfield>
  </datafield>
  <datafield tag="697" ind1=" " ind2=" ">
    <subfield code="a">School stories.</subfield>
  </datafield>
  <datafield tag="697" ind1=" " ind2=" ">
    <subfield code="a">Witches</subfield>
  </datafield>
  <datafield tag="697" ind1=" " ind2=" ">
    <subfield code="a">Witches - Fiction</subfield>
  </datafield>
  <datafield tag="697" ind1=" " ind2=" ">
    <subfield code="a">England</subfield>
  </datafield>
  <datafield tag="697" ind1=" " ind2=" ">
    <subfield code="a">Hogwarts School of Witchcraft and Wizardry (Imaginary organization)</subfield>
  </datafield>
  <datafield tag="697" ind1=" " ind2=" ">
    <subfield code="a">Hogwarts School of Witchcraft and Wizardry (Imaginary organization) - Fiction.</subfield>
  </datafield>
  <datafield tag="697" ind1=" " ind2=" ">
    <subfield code="a">Potter, Harry (Fictional character) - Fiction.</subfield>
  </datafield>
  <datafield tag="697" ind1=" " ind2=" ">
    <subfield code="a">Potter, Harry (Fictitious character) - Fiction.</subfield>
  </datafield>
  <datafield tag="697" ind1=" " ind2=" ">
    <subfield code="a">Schools - Fiction.</subfield>
  </datafield>
  <datafield tag="697" ind1=" " ind2=" ">
    <subfield code="a">Fantasy fiction.</subfield>
  </datafield>
  <datafield tag="697" ind1=" " ind2=" ">
    <subfield code="a">Fantasy.</subfield>
  </datafield>
  <datafield tag="697" ind1=" " ind2=" ">
    <subfield code="a">Potter, Harry (Fictitious character)</subfield>
  </datafield>
  <datafield tag="697" ind1=" " ind2=" ">
    <subfield code="a">Schools</subfield>
  </datafield>
  <datafield tag="697" ind1=" " ind2=" ">
    <subfield code="a">Wizards</subfield>
  </datafield>
  <datafield tag="697" ind1=" " ind2=" ">
    <subfield code="a">Wizards - Fiction.</subfield>
  </datafield>
  <datafield tag="697" ind1=" " ind2=" ">
    <subfield code="a">England - Fiction.</subfield>
  </datafield>
  <datafield tag="856" ind1=" " ind2=" ">
    <subfield code="u">000034/000034c1.jpg</subfield>
  </datafield>
  <datafield tag="040" ind1=" " ind2=" ">
    <subfield code="a">BR-BrIDEA</subfield>
    <subfield code="c">BR-BrIDEA</subfield>
  </datafield>
  <datafield tag="090" ind1=" " ind2=" ">
    <subfield code="a">A Year 6 [Fic]</subfield>
    <subfield code="b">ROW</subfield>
  </datafield>
  <datafield tag="245" ind1="1" ind2="0">
    <subfield code="a">Harry Potter and the chamber of secrets</subfield>
    <subfield code="c">J. K Rowling; illtrations by Mary Grandpr&#xE9;</subfield>
  </datafield>
  <datafield tag="260" ind1=" " ind2=" ">
    <subfield code="a">New York</subfield>
    <subfield code="b">Scholastic</subfield>
    <subfield code="c">2018</subfield>
  </datafield>
  <datafield tag="300" ind1=" " ind2=" ">
    <subfield code="a">v.2; 368 p.</subfield>
    <subfield code="e">13.34 x 1.91 x 20.32 cm</subfield>
  </datafield>
  <datafield tag="700" ind1=" " ind2=" ">
    <subfield code="a">Grandpr&#xE9;, Mary</subfield>
    <subfield code="e">Illustrator</subfield>
  </datafield>
  <datafield tag="942" ind1=" " ind2=" ">
    <subfield code="c">BK</subfield>
  </datafield>
  <datafield tag="952" ind1=" " ind2=" ">
    <subfield code="0">0</subfield>
    <subfield code="1">0</subfield>
    <subfield code="2">ddc</subfield>
    <subfield code="4">0</subfield>
    <subfield code="7">0</subfield>
    <subfield code="a">12.28</subfield>
    <subfield code="b">12.28</subfield>
    <subfield code="d">2023-04-19</subfield>
    <subfield code="l">1</subfield>
    <subfield code="o">Year 9 [Fic] ROW</subfield>
    <subfield code="p">00061946SSW</subfield>
    <subfield code="q">2024-02-13</subfield>
    <subfield code="r">2024-02-06 10:44:31</subfield>
    <subfield code="s">2024-02-06</subfield>
    <subfield code="w">2024-01-23</subfield>
    <subfield code="y">BK</subfield>
  </datafield>
  <datafield tag="952" ind1=" " ind2=" ">
    <subfield code="0">0</subfield>
    <subfield code="1">0</subfield>
    <subfield code="2">ddc</subfield>
    <subfield code="4">0</subfield>
    <subfield code="7">0</subfield>
    <subfield code="a">12.27</subfield>
    <subfield code="b">12.27</subfield>
    <subfield code="d">2023-04-19</subfield>
    <subfield code="l">1</subfield>
    <subfield code="o">A Year 6 [Fic] ROW</subfield>
    <subfield code="p">00061944AGC</subfield>
    <subfield code="r">2024-05-09 17:38:09</subfield>
    <subfield code="s">2024-04-24</subfield>
    <subfield code="w">2024-01-23</subfield>
    <subfield code="y">BK</subfield>
  </datafield>
  <datafield tag="999" ind1=" " ind2=" ">
    <subfield code="c">119260</subfield>
    <subfield code="d">119260</subfield>
  </datafield>
</record>
